<?xml version="1.0" encoding="UTF-8"?>
<record
    xmlns:xsi="http://www.w3.org/2001/XMLSchema-instance"
    xsi:schemaLocation="http://www.loc.gov/MARC21/slim http://www.loc.gov/standards/marcxml/schema/MARC21slim.xsd"
    xmlns="http://www.loc.gov/MARC21/slim">

  <leader>00913cam a22002171  4500</leader>
  <controlfield tag="001">he 66000991 </controlfield>
  <controlfield tag="003">DLC</controlfield>
  <controlfield tag="005">20260227111439.0</controlfield>
  <controlfield tag="008">880615s1964    is            000 0 heb  </controlfield>
  <datafield tag="010" ind1=" " ind2=" ">
    <subfield code="a">he 66000991 </subfield>
  </datafield>
  <datafield tag="035" ind1=" " ind2=" ">
    <subfield code="a">(OCoLC)18092106</subfield>
  </datafield>
  <datafield tag="040" ind1=" " ind2=" ">
    <subfield code="a">DLC</subfield>
    <subfield code="c">TxU</subfield>
    <subfield code="d">TxU</subfield>
    <subfield code="d">DLC</subfield>
  </datafield>
  <datafield tag="042" ind1=" " ind2=" ">
    <subfield code="a">premarc</subfield>
  </datafield>
  <datafield tag="050" ind1="0" ind2="0">
    <subfield code="a">BM506.4.A17</subfield>
    <subfield code="b">K3</subfield>
  </datafield>
  <datafield tag="130" ind1="0" ind2=" ">
    <subfield code="a">Talmud.</subfield>
    <subfield code="p">Minor tractates.</subfield>
    <subfield code="p">Abadim.</subfield>
  </datafield>
  <datafield tag="245" ind1="1" ind2="0">
    <subfield code="a">Baraita masekhet &#x2BB;Avadim ...</subfield>
    <subfield code="b">&#x2BB;im masoret ha-Shas ve-hagahot ke-fi she-nidpas be-Shas Vilna ... ve-&#x2BB;alav shene be&#x2BC;urim ... Kinyan ha-guf, meva&#x2BC;er gufa di-Baraita ... ve-kinyan perot yepalpel ... me-&#x2BB;inyan le-&#x2BB;inyan ...</subfield>
    <subfield code="c">&#x1E25;ibarti Sh. Y. &#x1E24;. b. ha-G. R. Y. Y. [Kanevski]</subfield>
  </datafield>
  <datafield tag="260" ind1=" " ind2=" ">
    <subfield code="a">Bene Berak</subfield>
    <subfield code="b">[&#x1E24;. Kanevski,</subfield>
    <subfield code="c">[1964]</subfield>
  </datafield>
  <datafield tag="300" ind1=" " ind2=" ">
    <subfield code="a">192 p.</subfield>
    <subfield code="c">25 cm.</subfield>
  </datafield>
  <datafield tag="630" ind1="0" ind2="0">
    <subfield code="a">Talmud.</subfield>
    <subfield code="p">Minor tractates.</subfield>
    <subfield code="p">Abadim</subfield>
    <subfield code="x">Commentaries.</subfield>
  </datafield>
  <datafield tag="700" ind1="1" ind2=" ">
    <subfield code="a">&#x1E32;anevs&#x1E33;i, Sh. Y. &#x1E24;. ben Y. Y.</subfield>
    <subfield code="q">(Shemaryahu Yosef &#x1E24;ayim ben Y. Y.)</subfield>
  </datafield>
  <datafield tag="999" ind1=" " ind2=" ">
    <subfield code="c">31775</subfield>
    <subfield code="d">31775</subfield>
  </datafield>
</record>
